01846nam a2200277 a 4500001001000000005001700010008004100027041000800068044000800076084002100084100004500105245047400150260002800624300002200652500016300674500032800837500009201165500001001257546002401267650005201291650005601343650003401399650004501433700004001478740005001518BRCA_322320190320204154.0040309s1774----enka---###---#000-0#eng-# aeng aenk a524b.C666c17741 aCervantes Saavedra, Miguel ded1547-161610aThe History of the Renowned Don Quixote de la ManchabBeing and Accurate, Complete and Most Entertaining Narrative of the Wonderful Achievements of that Incomparable Hero and Knigth Errant from his first Great Pursuit after Fame Inmortal, till the Close of his Celebrated Carrer: Including, Minutelly, every Curious Incident Attending his Faithful Squire and Servant Sancho Panza...cTranslated from the Original Spanish of Miguel de Cervantes Saavedra by Henry Wilmot. aLondresbJ. Cookec1774 a2 v.bil.c22 cm. aContenido : v.1 Primera parte. Introducción del editor. Noticia biográfica sobre Cervantes. Nota del traductor. -- v.2. Segunda parte. Prólogo del autor aTraducción de Wilmot, considerada como fiel al texto, aunque el traductor afirma en su nota, que se ha ceñido al verdadero espíritu del original. Edición regularmente impresa e ilustrada con varias láminas de poco valor artístico, debidas a Wale. Semipiel; lomeras decoradas con filetes dorados Lúdovik Osterc aEstado físico : vol. 1 cubierta ligeramente desprendida y primeras hojas desprendidas aQM420 aTexto en : inglés14aNovela españolayÉpoca clásica, 1500-170014aLiteratura españolayÉpoca clásica, 1500-170014aNovela españolaySiglo XVII14aDon Quijote (Personaje ficticio)eNovela1 aWilmot, Henryd1612-1658eTraductor0 aEl Ingenioso Hidalgo Don Quijote de la Mancha